| 000 | 00632nam a2200217 a 4500 | ||
|---|---|---|---|
| 005 | 20210223124104.0 | ||
| 008 | 010517s1990 r 000 0 eng d | ||
| 020 | _a8430918388 | ||
| 035 | _aUPN01000106378 | ||
| 049 | _aCG | ||
| 050 | 4 |
_aKKT2061 _bF5.2 |
|
| 100 | 1 |
_aFigueruelo Burrieza, Angela _934640 |
|
| 245 | 1 | 3 |
_aEl derecho a la tutela judicial efectiva / _cAngela Figueruelo Burrieza. |
| 260 |
_aMadrid : _bTecnos, _c1990. |
||
| 300 | _a135 p. | ||
| 440 | 0 | _aTemas clave de la constitución española. | |
| 651 | 4 |
_aESPAÑA - _xDERECHO CONSTITUCIONAL _916161 |
|
| 901 | _a180400 | ||
| 902 | _aMCM/npd | ||
| 905 | _aLibro | ||
| 999 |
_c80291 _d80291 |
||